00918nam a2200277 a 4500001000800000003000900008005001700017007000800034008003000042040002200072082002600094092001700120240006900137245004100206260003300247300002100280490002600301590002600327650002300353650003300376650002700409910004100436942001200477952013400489999001700623 01979 DO-SdBNP20240730112301.0 01979 100706s1996 ch 000 f spa d aBPMSUbspacBPMSU 4a863.3bL431T 1996222 a863.3bL431t aLa vida de Lazarillo de Tormes y de sus fortunas y adversidades 13aEl lazarillo de Tormes /cAnónimo  aChile :bTexido LTDA, c1996 a79 p. ;c 20 cm.0 aClásicos texido v  aInventariado, 2024/VM 4aNovela española  4aNovela picaresca española  4aLiteratura española  aVMateo V. Control de calidad. BPMSU  2ddccBK 00102ddc40708CJ-GaBPMETbBPMETd2016-08-02eFUNDI l0oBPMSU CJG 863.3 L431T 1996pBPMSU16080020r2016-08-02w2016-08-02yBK c11075d11075